000 00383 a2200169 4500
001 60255
020 _a9788537706480
040 _cAnchieta - Pituba
100 _aGiovanni Júnior, José Ruy
240 1 0 _aA conquista da Matemática
_lpor
245 1 0 _aA conquista da Matemática
300 _a344
362 0 _a2008
440 1 _aEscala
650 4 _aMatemática
942 _cBK
999 _c60255
_d60255